1771 1236 1658 1421 1066 1597 1388 1622 1456 1072 1933 1130 1785 1599 1400 1284 1866 1860 1684 1454 1131 1716 1283 1158 1567 1680 1846 1925 1836 1617 1641 1407 1422 1030 1546 1855 1536 1197 1908 1558 1585 1976 1048 1061 1424 1120 1580 1572 1793 1106 1088 1016 1532 1443 1569 1916 1239 1585 1791 1171 1324 1279 1819 1906 1455 1951 1974 1167 1180 1947 1612 1903 1752 1139 1133 1758 1603 1361 1889 1033 1278 1887 1951 1759 1664 1881 1567 1127 1270 1862 1578 1861 1656 1603 1488 1888 1619 1019 1827 BCNSPRNW ULIB Ver.6.0+V

เปลี่ยนเป็นภาษาไทย

Change to English
 แสดงรายละเอียดบรรณานุกรม
  กลับหน้าหลัก

Brief Record : Get Marc (ISO 2709) : E-mail record : QR code < ปิดหน้าต่าง
LEADER : 00000nam 2200000uu 4500
001    13399123700
003     ULIB
008    020711s2552 th a 000 0 tha d
020    9786110600651
090    นว.^bป444ร
100    ปราณธร
245    ร้ายเท่ารัก/^cปราณธร
250    พิมพ์ครั้งที่ 2
260    กรุงเทพฯ :^bแจ่มใส,^c2552
300    350 หน้า
945    ^p219^l0^i026022
999    ^aทศพร
รายการนี้ยังไม่มีแท็ก
คุณยังไม่ได้ล็อกอิน คุณสามารถมีกิจกรรมร่วมกับเว็บไซต์ได้ แต่ต้องล็อกอินก่อน ::
  ล็อกอิน

รายการสื่อสารสนเทศ

ลำดับที่ ประเภท เลขเรียก/บาร์โค้ด สถานที่ สถานะ
1. นวนิยาย
นวนิยาย
นว. ป444ร ฉ.1 
  Barcode: 026022
ห้องสมุดวิทยาเขตสวรรค์ประชารักษ์
►นวนิยาย
บนชั้น
  ขอยืม

รายการใกล้เคียง
    ผู้แต่ง [ปราณธร]

BibComment


ยังไม่เคยถูกคอมเมนท์

คอมเมนท์ทรัพยากรรายการนี้
  คอมเมนท์: ร้ายเท่ารัก ปราณธร


 Copyright 2026. Bcnsprnw @Library